[Event "Titled Tuesday intern op 12th May"]
[Site "Chess.com INT"]
[Date "2020.05.12"]
[Round "5"]
[White "Klyukin, Kirill"]
[Black "Villegas, Pierre"]
[Result "0-1"]
[WhiteElo "2694"]
[BlackElo "2364"]
[PlyCount "84"]
[EventDate "2020.05.12"]
[EventType "swiss (blitz)"]
[EventRounds "10"]
[EventCountry "USA"]
[SourceTitle "EXT 2021"]
[Source "ChessBase"]
[SourceDate "2020.10.23"]
[SourceVersion "1"]
[SourceVersionDate "2020.10.23"]
[SourceQuality "1"]

1. d4 d5 2. Nf3 Nf6 3. c4 c6 4. Nbd2 e6 5. e3 Nbd7 6. Bd3 Bd6 7. 0-0 0-0 8. e4 e5 9. cxd5 cxd5 10. exd5 exd4 11. Nc4 Nb6 12. Bg5 Nbxd5 13. Nxd4 h6 14. Bh4 Nf4 15. Bc2 Be7 16. Nf5 Bxf5 17. Bxf5 Qc7 18. Rc1 Rad8 19. Qf3 Rd4 20. b3 b5 21. Ne3 Qe5 22. Bg3 g6 23. Bb1 Rfd8 24. Rfe1 Qg5 25. h4 Qh5 26. Qb7 Ne2+ 27. Rxe2 Qxe2 28. Qxe7 Rd1+ 29. Kh2 Ng4+ 30. Kh3 Nxe3 31. fxe3 Rxc1 32. Qxd8+ Kh7 33. Bxg6+ Kxg6 34. Qg8+ Kf6 35. Qh8+ Ke7 36. Qe5+ Kd7 37. Qd6+ Kc8 38. Qb8+ Kd7 39. Qxa7+ Ke6 40. Qb6+ Kf5 41. Kh2 Qf1 42. Bf4 Kg4 0-1

[Event "Titled Tuesday intern op 14th April"]
[Site "Chess.com INT"]
[Date "2020.04.14"]
[Round "5"]
[White "Klyukin, Kirill"]
[Black "Silva, Miguel Antonio Neto"]
[Result "1-0"]
[WhiteElo "2702"]
[BlackElo "2250"]
[PlyCount "63"]
[EventDate "2020.04.14"]
[EventType "swiss (blitz)"]
[EventRounds "10"]
[EventCountry "USA"]
[SourceTitle "EXT 2021"]
[Source "ChessBase"]
[SourceDate "2020.10.23"]
[SourceVersion "1"]
[SourceVersionDate "2020.10.23"]
[SourceQuality "1"]

1. d4 Nf6 2. Nf3 d5 3. c4 e6 4. Nc3 c6 5. e3 Nbd7 6. Qc2 Bd6 7. Bd3 dxc4 8. Bxc4 b5 9. Be2 Bb7 10. 0-0 Rc8 11. Rd1 a6 12. e4 Be7 13. a3 0-0 14. Bf4 Qb6 15. Rac1 Rfe8 16. h3 c5 17. d5 exd5 18. exd5 Bd6 19. Be3 Qd8 20. Bg5 Ne5 21. Qf5 Qd7 22. Nh4 Qxf5 23. Nxf5 Bf8 24. Bxf6 gxf6 25. f4 Nd7 26. Bf3 Nb6 27. Ne4 Bg7 28. Ned6 Rb8 29. Nxe8 Rxe8 30. Rxc5 Nc4 31. Rc7 Ba8 32. d6 1-0

[Event "Titled Tuesday intern op 14th April"]
[Site "Chess.com INT"]
[Date "2020.04.14"]
[Round "6"]
[White "Sanchez, Josue Araujo"]
[Black "Klyukin, Kirill"]
[Result "1-0"]
[WhiteElo "2499"]
[BlackElo "2690"]
[PlyCount "139"]
[EventDate "2020.04.14"]
[EventType "swiss (blitz)"]
[EventRounds "10"]
[EventCountry "USA"]
[SourceTitle "EXT 2021"]
[Source "ChessBase"]
[SourceDate "2020.10.23"]
[SourceVersion "1"]
[SourceVersionDate "2020.10.23"]
[SourceQuality "1"]

1. c4 e5 2. d3 Nf6 3. Nf3 Nc6 4. a3 d5 5. cxd5 Nxd5 6. e4 Nb6 7. Be3 Bg4 8. Nbd2 Be7 9. Be2 0-0 10. 0-0 Qd7 11. Rc1 Rfd8 12. b4 a6 13. h3 Be6 14. Rxc6 Qxc6 15. Nxe5 Qa4 16. Qc1 Rac8 17. d4 f6 18. Bd1 Qe8 19. Nef3 c6 20. Qb1 Nc4 21. Bb3 Qf7 22. Nxc4 Bxc4 23. Bxc4 Qxc4 24. Rc1 Qe6 25. a4 b5 26. a5 Bf8 27. Bd2 Re8 28. Re1 Qc4 29. Rc1 Qf7 30. Qc2 Bd6 31. Qd3 Qe7 32. Re1 Kh8 33. Qb3 Qe6 34. Qc2 Qc4 35. Qb1 Bf8 36. Rc1 Qe6 37. Re1 Rcd8 38. e5 fxe5 39. Ng5 Qg8 40. Qf5 Re7 41. Rxe5 Red7 42. Be3 h6 43. Ne6 Bd6 44. Nxd8 Rxd8 45. Re6 Qh7 46. Qxh7+ Kxh7 47. g3 Kg8 48. f4 Kf7 49. f5 Rd7 50. g4 Rd8 51. Kg2 Rd7 52. Bd2 Be7 53. Bc3 Rd6 54. Rxd6 Bxd6 55. Kf3 Ke7 56. Ke4 Kf7 57. d5 c5 58. bxc5 Bxc5 59. Ke5 Ke7 60. Bd4 Bd6+ 61. Ke4 Kf7 62. h4 Bb4 63. g5 hxg5 64. hxg5 Bxa5 65. g6+ Kf8 66. Bc5+ Ke8 67. d6 Bd8 68. Kd5 Bf6 69. Kc6 Bd8 70. d7# 1-0

[Event "Titled Tuesday intern op 7th Januar"]
[Site "Chess.com INT"]
[Date "2020.01.07"]
[Round "6"]
[White "Klyukin, Kirill"]
[Black "Delorme, Alban"]
[Result "1-0"]
[WhiteElo "2674"]
[BlackElo "2314"]
[PlyCount "67"]
[EventDate "2020.01.07"]
[EventType "swiss (blitz)"]
[EventRounds "10"]
[EventCountry "USA"]
[SourceTitle "EXT 2021"]
[Source "ChessBase"]
[SourceDate "2020.10.23"]
[SourceVersion "1"]
[SourceVersionDate "2020.10.23"]
[SourceQuality "1"]

1. d4 d5 2. Nf3 Nf6 3. c4 e6 4. Nc3 Be7 5. Bg5 Nbd7 6. e3 0-0 7. Qc2 b6 8. cxd5 exd5 9. Bd3 Bb7 10. 0-0 c5 11. Rfd1 h6 12. Bh4 Ne4 13. Nxd5 Bxd5 14. Bxe4 Bxe4 15. Qxe4 Bxh4 16. Qxh4 Qxh4 17. Nxh4 cxd4 18. Rxd4 Nf6 19. Rad1 Rfc8 20. Nf5 Rc2 21. Rb4 Kf8 22. Nd4 Rc5 23. h3 Rac8 24. Ra4 a5 25. Ra3 Rc1 26. Rad3 g6 27. g3 Ke7 28. Kg2 Ne4 29. Rxc1 Rxc1 30. Rb3 Rd1 31. Kf3 f5 32. g4 Rh1 33. gxf5 Nd2+ 34. Kg2 1-0

[Event "Titled Tuesday intern op 2nd July"]
[Site "Chess.com INT"]
[Date "2019.07.02"]
[Round "7"]
[White "Abdusattorov, Nodirbek"]
[Black "Klyukin, Kirill"]
[Result "1-0"]
[WhiteElo "2598"]
[BlackElo "2648"]
[PlyCount "95"]
[EventDate "2019.07.02"]
[EventType "swiss (blitz)"]
[EventRounds "10"]
[EventCountry "USA"]
[SourceTitle "EXT 2021"]
[Source "ChessBase"]
[SourceDate "2020.10.23"]
[SourceVersion "1"]
[SourceVersionDate "2020.10.23"]
[SourceQuality "1"]

1. e4 c6 2. d4 d6 3. Nc3 Nd7 4. f4 g6 5. Nf3 Bg7 6. Bd3 e6 7. 0-0 Ne7 8. e5 0-0 9. Ne4 d5 10. Nd6 Nf5 11. Nxf5 exf5 12. Be3 b6 13. c4 Bb7 14. cxd5 cxd5 15. Rc1 Rc8 16. Qa4 a5 17. Bb5 Nb8 18. Bf2 Qe7 19. Bh4 f6 20. exf6 Bxf6 21. Bxf6 Qxf6 22. Ne5 Qd6 23. a3 Rxc1 24. Rxc1 Rc8 25. Rxc8+ Bxc8 26. Qc2 Be6 27. h4 Bd7 28. Bxd7 Nxd7 29. Qc8+ Nf8 30. Qe8 Qe6 31. Qd8 Kg7 32. a4 Kg8 33. Kf2 Kg7 34. Ke3 Kg8 35. g3 Kg7 36. Kd3 h6 37. Kc3 Nh7 38. b4 Nf6 39. bxa5 bxa5 40. Qxa5 Ne4+ 41. Kb3 g5 42. Qa7+ Kg8 43. Qb8+ Kg7 44. Qc7+ Kg8 45. hxg5 hxg5 46. a5 Nd2+ 47. Kb4 Qa6 48. Qf7+ 1-0

[Event "Titled Tuesday intern op 2nd July"]
[Site "Chess.com INT"]
[Date "2019.07.02"]
[Round "2"]
[White "Klyukin, Kirill"]
[Black "Seul, Georg"]
[Result "1-0"]
[WhiteElo "2634"]
[BlackElo "2422"]
[PlyCount "39"]
[EventDate "2019.07.02"]
[EventType "swiss (blitz)"]
[EventRounds "10"]
[EventCountry "USA"]
[SourceTitle "EXT 2021"]
[Source "ChessBase"]
[SourceDate "2020.10.23"]
[SourceVersion "1"]
[SourceVersionDate "2020.10.23"]
[SourceQuality "1"]

1. d4 Nf6 2. Nf3 e6 3. g3 b5 4. Bg2 Bb7 5. 0-0 c5 6. c3 Na6 7. Bg5 Be7 8. Nbd2 0-0 9. a4 b4 10. Bxf6 Bxf6 11. e4 Be7 12. Qe2 bxc3 13. bxc3 cxd4 14. cxd4 Nb4 15. Rfc1 Ba6 16. Qe3 Rb8 17. Ne5 d6 18. Nc6 Nxc6 19. Rxc6 Qd7 20. Rxa6 1-0

[Event "Titled Tuesday intern op 2nd April"]
[Site "Chess.com INT"]
[Date "2019.04.02"]
[Round "4"]
[White "Klyukin, Kirill"]
[Black "Cruz Lledo, Pablo"]
[Result "0-1"]
[WhiteElo "2579"]
[BlackElo "2436"]
[PlyCount "102"]
[EventDate "2019.04.02"]
[EventType "swiss (blitz)"]
[EventRounds "10"]
[EventCountry "USA"]
[SourceTitle "EXT 2021"]
[Source "ChessBase"]
[SourceDate "2020.10.23"]
[SourceVersion "1"]
[SourceVersionDate "2020.10.23"]
[SourceQuality "1"]

1. d4 d5 2. Nf3 e6 3. c4 Bb4+ 4. Nc3 Ne7 5. Bg5 f6 6. Bd2 0-0 7. e3 b6 8. cxd5 exd5 9. Bd3 Bf5 10. Bxf5 Nxf5 11. Qb3 Bxc3 12. bxc3 c6 13. c4 Kh8 14. 0-0 dxc4 15. Qxc4 Qd5 16. Qc2 Nd6 17. Bb4 Re8 18. Bxd6 Qxd6 19. Rfc1 Rc8 20. a4 Nd7 21. Nd2 c5 22. Nc4 Qe6 23. Na3 Rd8 24. Nb5 Qf7 25. d5 Ne5 26. e4 f5 27. f3 fxe4 28. fxe4 Qf4 29. Kh1 Ng4 30. g3 Qxe4+ 31. Qxe4 Nf2+ 32. Kg2 Nxe4 33. Re1 Nd6 34. Nc7 Rac8 35. Ne6 Re8 36. a5 b5 37. Rec1 c4 38. a6 b4 39. Rab1 b3 40. Nd4 Rc5 41. Nxb3 Rxd5 42. Na1 Rd2+ 43. Kh3 h5 44. Rc2 Rd4 45. Rb4 h4 46. Rf2 hxg3 47. hxg3 Rd3 48. Nc2 Kh7 49. Kg4 Re6 50. Rb8 Rg6+ 51. Kf4 Rf6+ 0-1

[Event "Titled Tuesday intern op 2nd April"]
[Site "Chess.com INT"]
[Date "2019.04.02"]
[Round "6"]
[White "Klyukin, Kirill"]
[Black "Mahajan, Rushaan"]
[Result "1-0"]
[WhiteElo "2567"]
[BlackElo "1937"]
[PlyCount "69"]
[EventDate "2019.04.02"]
[EventType "swiss (blitz)"]
[EventRounds "10"]
[EventCountry "USA"]
[SourceTitle "EXT 2021"]
[Source "ChessBase"]
[SourceDate "2020.10.23"]
[SourceVersion "1"]
[SourceVersionDate "2020.10.23"]
[SourceQuality "1"]

1. Nf3 Nf6 2. d4 e6 3. c4 d5 4. Nc3 Bb4 5. Bg5 h6 6. Bxf6 Qxf6 7. Qa4+ Nc6 8. e3 Bd7 9. Qb3 Qe7 10. Nd2 Na5 11. Qc2 Nxc4 12. Nxc4 dxc4 13. Bxc4 Bc6 14. 0-0 0-0 15. a3 Bd6 16. Bb5 Bxb5 17. Nxb5 c6 18. Nc3 Qh4 19. g3 Qf6 20. Rfd1 Rfd8 21. e4 e5 22. d5 Bc5 23. Kg2 Bd4 24. Rac1 Bxc3 25. Qxc3 cxd5 26. exd5 Rac8 27. Qxc8 Rxc8 28. Rxc8+ Kh7 29. d6 e4 30. Rc3 h5 31. d7 Qd8 32. Rc8 Qf6 33. d8Q Qf3+ 34. Kg1 h4 35. Qxh4+ 1-0

[Event "Titled Tuesday intern op 2nd April"]
[Site "Chess.com INT"]
[Date "2019.04.02"]
[Round "1"]
[White "Klyukin, Kirill"]
[Black "Ongut, Tamas Gunes"]
[Result "1-0"]
[WhiteElo "2603"]
[BlackElo "2159"]
[PlyCount "87"]
[EventDate "2019.04.02"]
[EventType "swiss (blitz)"]
[EventRounds "10"]
[EventCountry "USA"]
[SourceTitle "EXT 2021"]
[Source "ChessBase"]
[SourceDate "2020.10.23"]
[SourceVersion "1"]
[SourceVersionDate "2020.10.23"]
[SourceQuality "1"]

1. Nf3 Nf6 2. d4 d5 3. c4 c6 4. e3 Bf5 5. Nc3 e6 6. Nh4 Bg4 7. Qb3 Qb6 8. h3 Bh5 9. g4 Bg6 10. Nxg6 hxg6 11. Bg2 Nbd7 12. Bd2 Qc7 13. Rc1 Qb6 14. Na4 Qxb3 15. axb3 Bd6 16. Ke2 Ke7 17. f3 Rac8 18. e4 b5 19. Nc3 b4 20. Na2 e5 21. exd5 exd4 22. Nxb4 Bxb4 23. Bxb4+ c5 24. Bd2 Kd6 25. Bf4+ Ne5 26. Kd2 Nfd7 27. Rhe1 f6 28. Ra1 Rb8 29. Kc2 g5 30. Bg3 Rb6 31. Rxa7 Rhb8 32. Ra3 Nf8 33. f4 gxf4 34. Bxf4 g5 35. Bxe5+ fxe5 36. Be4 Nd7 37. Rf1 Rf8 38. Rxf8 Nxf8 39. Bf5 Rb7 40. Ra8 Ke7 41. Rc8 Nd7 42. b4 cxb4 43. c5 Rb5 44. d6+ 1-0

[Event "Titled Tuesday intern op 2nd April"]
[Site "Chess.com INT"]
[Date "2019.04.02"]
[Round "8"]
[White "Terzi, Alexei"]
[Black "Klyukin, Kirill"]
[Result "1/2-1/2"]
[WhiteElo "2322"]
[BlackElo "2568"]
[PlyCount "102"]
[EventDate "2019.04.02"]
[EventType "swiss (blitz)"]
[EventRounds "10"]
[EventCountry "USA"]
[SourceTitle "EXT 2021"]
[Source "ChessBase"]
[SourceDate "2020.10.23"]
[SourceVersion "1"]
[SourceVersionDate "2020.10.23"]
[SourceQuality "1"]

1. e4 c5 2. Nf3 Nc6 3. d4 cxd4 4. Nxd4 e5 5. Nb5 d6 6. N1c3 a6 7. Na3 Be7 8. Nd5 Nf6 9. Nxf6+ Bxf6 10. Be3 0-0 11. g3 Be6 12. Bg2 Bg5 13. Bxg5 Qxg5 14. 0-0 Rfd8 15. c3 Ne7 16. f4 exf4 17. gxf4 Qc5+ 18. Qd4 f5 19. Qxc5 dxc5 20. exf5 Nxf5 21. Bxb7 Rab8 22. Bxa6 Rxb2 23. Nc4 Rc2 24. Rfc1 Rxc1+ 25. Rxc1 Ra8 26. Bb5 Rxa2 27. Re1 Bf7 28. Ne5 Ra3 29. Rd1 Ra8 30. Rd7 Be6 31. Rc7 g6 32. Rxc5 Ra1+ 33. Kf2 Ra2+ 34. Kf3 Rxh2 35. Bd7 Bxd7 36. Nxd7 Rh3+ 37. Ke4 Re3+ 38. Kd5 h5 39. Ne5 h4 40. Ke6 h3 41. Kf6 h2 42. Rc8+ Kh7 43. Nf7 Re6+ 44. Kxe6 Ng7+ 45. Ke5 Nh5 46. Ng5+ Kh6 47. Rc7 Ng7 48. Rc8 Nh5 49. Rc7 Ng7 50. Rc8 Nh5 51. Rc7 Ng7 1/2-1/2

[Event "Titled Tuesday intern op 2nd Febr"]
[Site "Chess.com INT"]
[Date "2019.02.05"]
[Round "4"]
[White "Oganian, Miran"]
[Black "Klyukin, Kirill"]
[Result "1-0"]
[WhiteElo "2423"]
[BlackElo "2629"]
[PlyCount "79"]
[EventDate "2019.02.05"]
[EventType "swiss (blitz)"]
[EventRounds "10"]
[EventCountry "USA"]
[SourceTitle "EXT 2021"]
[Source "ChessBase"]
[SourceDate "2020.10.23"]
[SourceVersion "1"]
[SourceVersionDate "2020.10.23"]
[SourceQuality "1"]

1. d4 Nf6 2. c4 Nc6 3. Nf3 e6 4. a3 d6 5. Nc3 g6 6. e4 Bg7 7. Be2 0-0 8. 0-0 e5 9. d5 Ne7 10. b4 a5 11. Bd2 Nh5 12. Ne1 Nf4 13. Nd3 Nxd3 14. Bxd3 f5 15. f3 Rf7 16. Be3 Bf8 17. c5 axb4 18. axb4 Rxa1 19. Qxa1 f4 20. Bf2 g5 21. cxd6 cxd6 22. Qa8 Rg7 23. Rc1 Qe8 24. Nb5 Qg6 25. Rxc8 Nxc8 26. Qxc8 h5 27. Qe6+ Kh7 28. Bb6 g4 29. Qxg6+ Kxg6 30. Kf2 Rd7 31. g3 Be7 32. Be2 fxg3+ 33. hxg3 gxf3 34. Bxf3 Bg5 35. Bc7 Be7 36. Bg2 Bf8 37. Bh3 Rf7+ 38. Bf5+ Rxf5+ 39. exf5+ Kxf5 40. Nxd6+ 1-0

[Event "Titled Tuesday intern op 1st Jan"]
[Site "Chess.com INT"]
[Date "2019.01.01"]
[Round "3"]
[White "Garayev, Kanan Farzali Oglu"]
[Black "Klyukin, Kirill"]
[Result "1-0"]
[WhiteElo "1899"]
[BlackElo "2598"]
[PlyCount "67"]
[EventDate "2019.01.01"]
[EventType "swiss (blitz)"]
[EventRounds "10"]
[EventCountry "USA"]
[SourceTitle "EXT 2021"]
[Source "ChessBase"]
[SourceDate "2020.10.23"]
[SourceVersion "1"]
[SourceVersionDate "2020.10.23"]
[SourceQuality "1"]

1. d4 Nf6 2. c4 g6 3. Nc3 Bg7 4. e4 d6 5. f4 0-0 6. Nf3 c5 7. d5 e6 8. Be2 exd5 9. cxd5 Re8 10. e5 Ng4 11. h3 Nh6 12. 0-0 a6 13. Bd3 Nd7 14. Ne4 dxe5 15. Nd6 Rf8 16. Re1 c4 17. Nxc4 exf4 18. Bxf4 Nc5 19. Bf1 Nf5 20. Rc1 Bd7 21. Qd2 b5 22. Nce5 Rc8 23. g4 Nd6 24. Qb4 Ndb7 25. Nd4 Qf6 26. Ndc6 Rfe8 27. Nxd7 Qxb2 28. Qxb2 Bxb2 29. Rxe8+ Rxe8 30. Rxc5 Nxc5 31. Nxc5 Re1 32. d6 Rd1 33. d7 Bf6 34. Ne4 1-0

[Event "Titled Tuesday intern op 2nd Oct"]
[Site "Chess.com INT"]
[Date "2018.10.02"]
[Round "6"]
[White "Klyukin, Kirill"]
[Black "Geivondian, Arman"]
[Result "1-0"]
[WhiteElo "2611"]
[BlackElo "2377"]
[PlyCount "91"]
[EventDate "2018.10.02"]
[EventType "swiss (blitz)"]
[EventRounds "10"]
[EventCountry "USA"]
[SourceTitle "EXT 2021"]
[Source "ChessBase"]
[SourceDate "2020.10.23"]
[SourceVersion "1"]
[SourceVersionDate "2020.10.23"]
[SourceQuality "1"]

1. Nf3 Nf6 2. c4 e6 3. Nc3 d5 4. d4 Be7 5. Bg5 0-0 6. e3 h6 7. Bh4 b6 8. cxd5 Nxd5 9. Bxe7 Qxe7 10. Nxd5 exd5 11. Be2 Be6 12. 0-0 c5 13. dxc5 bxc5 14. Rc1 Nd7 15. Qa4 c4 16. Nd4 a5 17. Rfd1 Qb4 18. Qc2 Qb6 19. e4 Ne5 20. Nxe6 fxe6 21. exd5 exd5 22. Rxd5 Qxf2+ 23. Kh1 Rae8 24. h3 Kh8 25. Bxc4 Qg3 26. Be2 Rf2 27. Qe4 Qg5 28. Rf1 Rxf1+ 29. Bxf1 Rf8 30. Rxe5 Rxf1+ 31. Kh2 Qf4+ 32. Qxf4 Rxf4 33. Rxa5 Rf2 34. b4 Rb2 35. b5 Kg8 36. a4 Kf7 37. Ra6 h5 38. b6 Ke6 39. a5 Kd6 40. Ra7 Kc6 41. Rxg7 Rb5 42. Rc7+ Kd6 43. Ra7 h4 44. b7 Kc7 45. a6 Rb1 46. Ra8 1-0

[Event "Titled Tuesday intern op 1st May"]
[Site "Chess.com INT"]
[Date "2018.05.01"]
[Round "2"]
[White "Klyukin, Kirill"]
[Black "Andriasian, Zaven"]
[Result "0-1"]
[WhiteElo "2516"]
[BlackElo "2586"]
[PlyCount "52"]
[EventDate "2018.05.01"]
[EventType "swiss (blitz)"]
[EventRounds "10"]
[EventCountry "USA"]
[SourceTitle "EXT 2021"]
[Source "ChessBase"]
[SourceDate "2020.10.23"]
[SourceVersion "1"]
[SourceVersionDate "2020.10.23"]
[SourceQuality "1"]

1. Nf3 d5 2. c4 d4 3. b4 g5 4. h3 h6 5. d3 Bg7 6. g3 a5 7. b5 Nd7 8. a4 e5 9. Bg2 f5 10. Ba3 Ne7 11. Nbd2 0-0 12. c5 c6 13. Qb3+ Kh8 14. 0-0 Nd5 15. Nc4 Qe7 16. Nd6 N7f6 17. Nxc8 Raxc8 18. Nd2 e4 19. dxe4 fxe4 20. Bb2 e3 21. fxe3 Nxe3 22. Rf2 Nh5 23. g4 Rxf2 24. Kxf2 Nxg2 25. gxh5 Nf4 26. Re1 Qe3+ 0-1